Linkin Park Songs - Sudden Death - Statistics

General Stats
  • This quiz has been taken 473 times
  • The average score is 15 of 20
Answers on the Grid
Answers color-coded by a green-red scale on the quiz's grid according to % correct below.
Alive
Black Hole Sun
Bleed It Out
Breaking The Habit
Crawling
Don't Stay
Dumb
Faint
From The Inside
Gimme The Prize
Given Up
Goodbye Blue Sky
Heart-Shaped Box
Heavy Is The Crown
Heroes
If You Can't Beat Them
In The End
Keep Youself Alive
Milk It
Mother Love
November Rain
Numb
One Step Closer
Over Each Other
Papercut
Runaway
Shadow Of The Day
Somewhere I Belong
Teenage Wildlife
The Emptiness Machine
Waiting For The End
What I've Done
With You
 
Answer Stats
Answer % Correct
Crawling
92%
In The End
91%
Faint
90%
Numb
89%
Bleed It Out
88%
Breaking The Habit
86%
What I've Done
86%
One Step Closer
83%
Papercut
83%
Somewhere I Belong
83%
The Emptiness Machine
81%
Heavy Is The Crown
78%
Given Up
77%
From The Inside
71%
Don't Stay
64%
Runaway
64%
Shadow Of The Day
64%
Waiting For The End
64%
With You
61%
Over Each Other
54%
No matching quizzes found
Score Distribution
Percent of People with Each Score
Percentile by Number Answered
Your Score History
You have not taken this quiz